MARC

LEADER 00000nam0a2200000 4500
001 21100
005 20231101205413.0
010 |a 5210001237 
035 |a (RuTPU)RU\TPU\book\21297 
035 |a BOOK00005990 
090 |a 21100 
100 |a 20011209d1991 km y0rusy50 ca 
101 0 |a rus 
102 |a RU 
105 |a a z 000zb 
200 1 |a Мир Гогена  |f О. Я. Кочик 
210 |a Москва  |c Искусство  |d 1991 
215 |a 312 с.  |c ил. 
600 1 |a Гоген  |b П.  |c французский живописец  |f 1848 - 1903  |g Поль  |2 stltpush  |3 (RuTPU)RU\TPU\pers\10491  |9 2232 
606 1 |a Живописцы  |2 stltpush  |3 (RuTPU)RU\TPU\subj\10834  |9 37852 
610 1 |a искусство 
610 1 |a изобразительное искусство 
610 1 |a живопись 
610 1 |a Франция 
610 1 |a 19 век 
610 1 |a 20 век 
610 1 |a постимпрессионизм 
675 |a 75.071(092)Гоген  |v 3 
700 1 |a Кочик  |b О. Я.  |g Ольга Яковлевна 
801 0 |a RU  |b 63413507  |c 20011209  |g PSBO 
801 2 |a RU  |b 63413507  |c 20140923  |g PSBO 
942 |c BK